Countries Closest to UAE - One Minute Sprint - Statistics

General Stats
  • This quiz has been taken 182 times
  • The average score is 14 of 20
Answer Stats
km country miles % Correct
0 Oman 0
100%
0 Saudi Arabia 0
99%
66 Iran 41
95%
32 Qatar 20
95%
443 Yemen 275
94%
158 Bahrain 98
91%
683 Iraq 424
91%
560 Kuwait 348
82%
1206 India 749
77%
529 Pakistan 329
77%
1488 Jordan 925
72%
1515 Syria 941
72%
627 Afghanistan 390
58%
1234 Somalia 767
48%
1562 Turkey 971
44%
1108 Eritrea 937
36%
1515 Djibouti 942
35%
1516 Sudan 942
30%
1165 Turkmenistan 724
30%
1540 Azerbaijan 957
23%
No matching quizzes found
Score Distribution
Percent of People with Each Score
Percentile by Number Answered
Your Score History
You have not taken this quiz